000 00612nam a2200241 i 4500
001 C2-0265792
003 PPAK
005 20180727233647.0
008 050712s2005 nyu |||| ||||| | eng d
020 _a1416500189
040 _aPPAK
_beng
_cPPAK
_erda
082 0 4 _a823
_223
090 0 0 _a823
_bBUC
_dG
100 1 _aBuck, Pearl S.,
_eauthor
245 1 4 _aThe good earth
264 1 _aNew York :
_bPocket Books ,
_c2005
300 _a418 pages ;
_c17 cm
336 _2rdacontent
_atext
337 _2rdamedia
_aunmediated
338 _2rdacarrier
_avolume
650 1 0 _aEnglish fiction.
942 _ddc
_cB
999 _c75280
_d75280